Analisis pelaksanaan akad mudarabah dalam pembiayaan Industri Kecil dan Sederhana di Bank Syariah Mandiri Jakarta, Indonesia /
Saved in:
| 主要作者: | |
|---|---|
| 格式: | Thesis 圖書 |
| 語言: | Malay |
| 出版: |
2013.
|
| 主題: | |
| 標簽: |
添加標簽
沒有標簽, 成為第一個標記此記錄!
|
| LEADER | 01703cam a2200373 i 4500 | ||
|---|---|---|---|
| 001 | u930867 | ||
| 003 | SIRSI | ||
| 005 | 201311191038 | ||
| 008 | 131119s2013 my a t 000 0 may m | ||
| 040 | |a UMM |d AUM |e rda | ||
| 043 | |a a-io--- | ||
| 090 | |a BP42 |b A1 UM 2013 Rah | ||
| 094 | |a BP42 |b A1 UM 2013 Rah | ||
| 100 | 1 | |a Rahmi, Asri Noer, |e author. | |
| 245 | 1 | 0 | |a Analisis pelaksanaan akad mudarabah dalam pembiayaan Industri Kecil dan Sederhana di Bank Syariah Mandiri Jakarta, Indonesia / |c Asri Noer Rahmi ; diselia oleh Profesor Dr. Joni Tamkin Borhan. |
| 264 | 1 | |c 2013. | |
| 264 | 4 | |c 2013. | |
| 300 | |a xv, 105 leaves, 14 unnumbered leaves : |b illustrations ; |c 30 cm. | ||
| 336 | |a text |2 rdacontent | ||
| 337 | |a unmediated |2 rdamedia | ||
| 338 | |a volume |2 rdacarrier | ||
| 500 | |a AIUM. | ||
| 502 | |b M.Syariah |c Jabatan Syariah dan Ekonomi, Akademi Pengajian Islam, Universiti Malaya |d 2013. | ||
| 504 | |a Bibliography: leaves 103-106. | ||
| 610 | 2 | 0 | |a Bank Syariah Mandiri |
| 650 | 0 | |a Islamic law | |
| 700 | 0 | |a Joni Tamkin Borhan, |e degree supervisor | |
| 710 | 2 | |a Universiti Malaya. |b Jabatan Syariah dan Ekonomi, |e degree granting institution. | |
| 900 | |a HH-ZA | ||
| 596 | |a 1 12 18 25 | ||
| 999 | |a BP42 A1 UM 2013 RAH |w LC |c 1 |i A514695712 |l RESERVES |m P18ISLPURI |r Y |s Y |t TESIS |u 19/11/2013 | ||
| 999 | |a BP42 A1 UM 2013 RAH |w LC |c 1 |i A515789570 |d 11/11/2017 |e 11/11/2017 |f 14/2/2014 |g 1 |l STACKS |m P12ISLAMKL |n 3 |r Y |s Y |t TESIS |u 13/2/2014 | ||
| 999 | |a BP42 A1 UM 2013 RAH |w LC |c 1 |i A515870925 |d 4/1/2017 |e 4/1/2017 |f 15/10/2014 |g 1 |l STACKS |m P01UTAMA |n 4 |r Y |s Y |t TESIS |u 13/10/2014 | ||
| 999 | |a BP42 A1 UM 2013 RAH |w LC |c 1 |i A517409019 |f 27/12/2019 |g 1 |l STACKS |m P25UMARCHI |r N |s Y |t CD |u 27/12/2019 |o .STAFF. MST-CD1925 | ||
